000 00584nam a2200205Ia 4500
005 20230327102626.0
008 131103s9999 xx 000 0 und d
020 _a8170462584
_cRs.250.00
040 _aLoreto College
041 _aEnglish
082 _a891.443
_bDEB
100 _aDebi, Mahasweta
245 _aDewana, Khoimala and the holy banyan tree
_cMahasweta Debi. Translated by Pinaki Bhattacharya
260 _aCalcutta
_bSeagull Books
_c2004
300 _a77p
650 _aFiction in Bengali
700 _aBhattacharya, Pinaki, tr
850 _aLCLIB
942 _cBK
999 _c36251
_d86730